书目信息 |
| 题名: |
留学修炼手册
|
|
| 作者: | 紫珊 著 | |
| 分册: | ||
| 出版信息: | 沈阳 辽宁人民出版社 2019.03 |
|
| 页数: | 228页 | |
| 开本: | 21cm | |
| 丛书名: | ||
| 单 册: | ||
| 中图分类: | G639.712.8 | |
| 科图分类: | ||
| 主题词: | 留学教育--liu xue jiao yu--概况--美国 , 中学--zhong xue--介绍--美国 | |
| 电子资源: | ||
| ISBN: | 978-7-205-09526-0 | |
| 000 | 01736nam0 2200253 450 | |
| 001 | 0109110025 | |
| 005 | 20201109110332.0 | |
| 010 | @a978-7-205-09526-0@dCNY39.80 | |
| 100 | @a20190508d2019 em y0chiy50 ea | |
| 101 | 0 | @achi |
| 102 | @aCN@b210000 | |
| 105 | @ay z 000yy | |
| 106 | @ar | |
| 200 | 1 | @a留学修炼手册@Aliu xue xiu lian shou ce@e求学美国,有些雷区不用踩@f紫珊著 |
| 210 | @a沈阳@c辽宁人民出版社@d2019.03 | |
| 215 | @a228页@d21cm | |
| 330 | @a近些年来,越来越多的年轻人和家长们将求学的目光投向了国外,以往的出国念大学或者读研继续深造,也逐渐向高中留学方向发展。但独自一人在国外念高中,究竟需要注意些什么?突然进入到一个全新的文化圈里面,要怎样快速融入呢?这些与学习、生活、交友、适应相关的问题,也成了困扰年轻人极其父母的难题,因此,一本从情感、适应、心理层面讲述高中求学过程的指导性图书,就十分必要。《留学修炼手册:求学美国,有些雷区不用踩》是由18岁高中女生紫珊根据自身学习经历写的讲述如何快速融入美国高中生活,获得自我提升的励志作品。全书以作者离开上海飞往美国念高中为线索,讲述了作者在外求学的经历。虽然以前跟着父母出国旅游过,也到过美国,但独自一人在陌生的国度求学,这对当时才16岁的作者来说,多少有点不安和迷茫。全新的宿舍环境、来自世界各地的青少年聚在一起,作者从入学到分班到结交朋友,处处小心又好奇。一个人的求学路,要怎么才能走好并走顺,这是作者需要面对的,在本书中,作者给我们分享了如何交友、适应环境、处理麻烦等留学生都会遇到的问题,既有干货也有故事,是一本可读性较高、实用性尚可的励志书。 | |
| 517 | 1 | @a求学美国,有些雷区不用踩@Aqiu xue mei guo , you xie lei qu bu yong cai |
| 606 | 0 | @a留学教育@Aliu xue jiao yu@x概况@y美国 |
| 606 | 0 | @a中学@Azhong xue@x介绍@y美国 |
| 690 | @aG639.712.8@v5 | |
| 701 | 0 | @a紫珊@Azi shan@4著 |
| 801 | 0 | @aCN@bBJSZM@c20201103 |
| 905 | @b1264061-5@dG639.712.8@e1877@f5 | |
| 留学修炼手册:求学美国,有些雷区不用踩/紫珊著.-沈阳:辽宁人民出版社,2019.03 |
| 228页;21cm |
| ISBN 978-7-205-09526-0:CNY39.80 |
| 近些年来,越来越多的年轻人和家长们将求学的目光投向了国外,以往的出国念大学或者读研继续深造,也逐渐向高中留学方向发展。但独自一人在国外念高中,究竟需要注意些什么?突然进入到一个全新的文化圈里面,要怎样快速融入呢?这些与学习、生活、交友、适应相关的问题,也成了困扰年轻人极其父母的难题,因此,一本从情感、适应、心理层面讲述高中求学过程的指导性图书,就十分必要。《留学修炼手册:求学美国,有些雷区不用踩》是由18岁高中女生紫珊根据自身学习经历写的讲述如何快速融入美国高中生活,获得自我提升的励志作品。全书以作者离开上海飞往美国念高中为线索,讲述了作者在外求学的经历。虽然以前跟着父母出国旅游过,也到过美国,但独自一人在陌生的国度求学,这对当时才16岁的作者来说,多少有点不安和迷茫。全新的宿舍环境、来自世界各地的青少年聚在一起,作者从入学到分班到结交朋友,处处小心又好奇。一个人的求学路,要怎么才能走好并走顺,这是作者需要面对的,在本书中,作者给我们分享了如何交友、适应环境、处理麻烦等留学生都会遇到的问题,既有干货也有故事,是一本可读性较高、实用性尚可的励志书。 |
| ● |
| 相关链接 |
|
|
|
|
正题名:留学修炼手册
索取号:G639.712.8/1877
 
预约/预借
| 序号 | 登录号 | 条形码 | 馆藏地/架位号 | 状态 | 备注 |
| 1 | 1264061 | 212640613 | 第一样本阅览室/ [索取号:G639.712.8/1877] | 在馆 | |
| 2 | 1264062 | 212640622 | 教育系资料室/ [索取号:G639.712.8/1877] | 在馆 | |
| 3 | 1264063 | 212640631 | 教育系资料室/ [索取号:G639.712.8/1877] | 在馆 | |
| 4 | 1264064 | 212640640 | 第四借阅区/ [索取号:G639.712.8/1877] | 在馆 | |
| 5 | 1264065 | 212640659 | 第四借阅区/ [索取号:G639.712.8/1877] | 在馆 |